000 00833nam a2200253Ia 4500
003 OSt
005 20221005110529.0
006 a|||||r|||| 00| 0
007 ta
008 221004b |||||||| |||| 00| 0 hin d
020 _a8177143352 (hbk)
_c160
024 _a93701
037 _b417, 23/03/2009, Swaraj Prakashan
_cTextual
040 _aCRL
_cCRL
_bhin
041 _2hin
_ahin
082 _aO152,1N60x, P9
100 _aअग्रवाल, नरेश
245 0 _aचित्रकार
246 _aChitrakāra
260 _aनई दिल्ली
_bप्रकाशन संस्थान भारत
_c2009
300 _a76पृ0
_ccm.
942 _hO152,1N60x, P9
_cTEXL
_2cc
999 _c1019099
_d1019099